000 00643nam a2200229Ia 4500
003 OSt
005 20221007070828.0
006 a|||||r|||| 00| 0
007 ta
008 221006b |||||||| |||| 00| 0 eng d
024 _a26,515
037 _cTextual
040 _aFLL
_cFLL
_beng
041 _2eng
_aeng
082 _aZ73:8y7, H1.2
100 _aGavit Bernard C.
245 0 _aCases and materials on procedure
260 _aIndianapolis
_bThe Bobbs-Merrill Company Publishers Indianapolis
_c1941
300 _ax,1-1059p
_ccm.
942 _hZ73:8y7, H1.2
_cTEXL
_2CC
999 _c1141653
_d1141653